| 000 | 00613nam a2200193Ia 4500 | ||
|---|---|---|---|
| 003 | LK-CoDNM | ||
| 008 | 010623t2009 xxu||||| |||| 00| 1 sin d | ||
| 040 |
_aLK-CoDNM _dLK-CoDNM _eLK-CoDNM |
||
| 041 | _asin | ||
| 080 | _a294.3CHA | ||
| 100 | _aChandavimala himi,Rerukane | ||
| 245 | _aචත්තාළීසාකාර මහා විපස්සනා භාවනාව | ||
| 246 | _aCaththaleesakara Maha Vepassana Bawanawa | ||
| 260 |
_bSri Chandavimala Dharmapustaka Sanraksana Mandalaya _aPokunuvita _c2009 |
||
| 300 | _b159p, 21 cm | ||
| 650 | _aBuddhism | ||
| 650 | _aMegetation | ||
| 942 | _cBK | ||
| 999 |
_c128645 _d128645 |
||